| 000 | 00981nam a22002897a 4500 | ||
|---|---|---|---|
| 001 | BR8108070 | ||
| 003 | BR-BrBNA | ||
| 005 | 20230928091133.0 | ||
| 007 | ta | ||
| 008 | 230509b bl.||||| |||| 00| 0 por d | ||
| 040 |
_aBR-BrBNA _bpor _cBiblioteca Nacional de Agricultura |
||
| 041 | _a(Por) | ||
| 072 |
_aL30; F00 _b1930 _b3710 |
||
| 090 | _ 1930 BR8108070 | ||
| 100 | 1 | _aCorrea, L. de A. | |
| 110 | 1 |
_aUniversidade Federal de Vicosa, MG (Brasil) _0Tese (Magister Scientiae) |
|
| 245 | 1 | _aEfeito do intervalo e numero de cortes sobre os teores de carboidratos de reserva, peso das raizes e producao de materia seca do capim-jaragua (Hyparrhenia rufa (Ness)Stapf), apos diferentes tempos de rebrota | |
| 260 | 3 |
_aVicosa, MG (Brasil): _c1981. |
|
| 300 | _a27 p. | ||
| 500 | _a37 ref.; Summary (Por) | ||
| 650 | _aNUTRICAO ANIMAL | ||
| 650 | _aFORRAGICULTURA | ||
| 650 | _aCAPIM JARAGUA | ||
| 650 | _aPASTAGEM | ||
| 909 |
_a202309 _bLucia _c55 _dLucia Elande |
||
| 942 | _cBK | ||
| 999 |
_c32420 _d32420 |
||